|
|
|
|
| LEADER |
00000cam a22000007a 4500 |
| 001 |
23322 |
| 003 |
CZ-ZlUTB |
| 005 |
20190825234456.0 |
| 008 |
050603t20031999xr |||||r|||||||||||cze|d |
| 020 |
|
|
|a 8001027902
|q (brož.)
|
| 040 |
|
|
|a BOA001
|b cze
|c BOA001
|d ZLD002
|
| 072 |
|
7 |
|a 004
|x Počítačová věda. Výpočetní technika. Informační technologie
|2 Konspekt
|9 23
|
| 080 |
|
|
|a (075.8)
|2 v
|
| 080 |
|
|
|a 004
|2 v
|
| 080 |
|
|
|a 004.65
|2 v
|
| 080 |
|
|
|a 004.82
|2 v
|
| 100 |
1 |
|
|a Bíla, Jiří,
|d 1946-
|7 ntka172154
|4 aut
|
| 245 |
1 |
0 |
|a Informační technologie :
|b databázové a znalostní systémy /
|c Jiří Bíla, František Král, Vladimír Hlaváč
|
| 250 |
|
|
|a Vyd. 2., přeprac.
|
| 260 |
|
|
|a Praha :
|b Vydavatelství ČVUT,
|c 2003, c1999
|
| 300 |
|
|
|a 126 s. :
|b il. ;
|c 30 cm
|
| 500 |
|
|
|a 150 výt
|
| 500 |
|
|
|a Na obálce nad názvem: České vysoké učení technické v Praze, Fakulta strojní
|
| 504 |
|
|
|a Obsahuje bibliografii
|
| 650 |
0 |
7 |
|a databázové systémy
|7 ph114296
|2 czenas
|
| 650 |
0 |
7 |
|a informační technologie
|7 ph121106
|2 czenas
|
| 650 |
0 |
7 |
|a znalostní systémy
|7 ph211949
|2 czenas
|
| 655 |
|
7 |
|a vysokoškolská skripta
|7 fd190824
|2 czenas
|
| 700 |
1 |
|
|a Hlaváč, Vladimír,
|d 1965-
|7 ntka172562
|4 aut
|
| 700 |
1 |
|
|a Král, František,
|d 1935-
|7 ntka173088
|4 aut
|
| 710 |
2 |
|
|a České vysoké učení technické v Praze.
|b Strojní fakulta
|
| 910 |
|
|
|a ZLD002
|
| 952 |
|
|
|0 0
|1 0
|4 0
|6 S004BÍLAJ
|7 0
|8 BOOK
|9 42814
|a UTBZL
|b UTBZL
|c 030
|d 2006-07-29
|l 5
|o S004/BÍLA,J.
|p 420010095481
|r 2019-08-25 00:00:00
|v 95.00
|w 2019-08-25
|x N:nákup | 20100831
|y 05
|
| 952 |
|
|
|0 0
|1 0
|4 0
|6 S004BÍLAJ
|7 0
|8 BOOK
|9 42815
|a UTBZL
|b UTBZL
|c 030
|d 2006-07-29
|l 5
|o S004/BÍLA,J.
|p 420010095482
|r 2019-08-25 00:00:00
|v 95.00
|w 2019-08-25
|x N:nákup | 20100831
|y 05
|
| 952 |
|
|
|0 0
|1 0
|4 0
|6 S004BÍLAJ
|7 0
|8 BOOK
|9 42816
|a UTBZL
|b UTBZL
|c 006
|d 2006-07-29
|l 3
|m 1
|o S004/BÍLA,J.
|p 420010095483
|r 2026-04-09 11:00:24
|s 2026-02-19
|v 95.00
|w 2019-08-25
|x N:nákup | 20100831
|y 04
|
| 952 |
|
|
|0 0
|1 0
|4 0
|6 S004BÍLAJ
|7 0
|8 BOOK
|9 42817
|a UTBZL
|b UTBZL
|c 007
|d 2006-07-29
|l 0
|o S004/BÍLA,J.
|p 420010092012
|q 2099-12-31
|r 2019-08-25 00:00:00
|v 95.00
|w 2019-08-25
|x N:nákup | 20100630
|y 08
|
| 992 |
|
|
|a BK
|b SK
|d 12
|
| 999 |
|
|
|c 23322
|d 23322
|